000 00838nam0a22002651 4500
001 rc\2994864
005 20250806211628.0
035 _a(NLR Aleph) 007138647
090 _a69557
_c69557
100 _a20041109d1941 u y0rusy50 ca
101 0 _arus
102 _aRU
105 _ay z ||||y
200 1 _aЦенное изобретение
_e[Пьеса в 1 д.]
_fДинин Сергей
210 _aМосква
_cОтд. распространения ВУОАП
_d[1941]
215 _a8, [1] с.
_d21 см
300 _aСтеклогр.
700 1 _aДинин
_bС.
_gСергей Михайлович
801 0 _aRU
_bNLR
_gpsbo
801 1 _aRU
_bELAR
_2rusmarc
852 _aNLR
_bЛ
_j30 Г-4/248
942 _cBOOK
945 _aРоссийская национальная библиотека
980 _aNB
980 _aBV